MARC

LEADER 00000nam0a2200000 4500
001 283801
005 20231101235631.0
035 |a (RuTPU)RU\TPU\book\307931 
090 |a 283801 
100 |a 20150210d1984 k y0rusy5003 ca 
101 0 |a rus 
102 |a RU 
105 |a y z 001zy 
200 1 |a Исследование строительных конструкций и технология их изготовления  |e сборник научных трудов  |f Проектный, научно-исследовательский и конструкторский институт "Красноярский ПромстройНИИпроект" ; под ред. Г. Д. Алферова 
210 |a Красноярск  |c Промстройниипроект  |d 1984 
215 |a 89 с.  |c ил. 
320 |a Библиогр. в конце гл. 
606 1 |a Строительные конструкции  |x Строительная механика  |2 stltpush  |3 (RuTPU)RU\TPU\subj\57340  |9 75202 
610 1 |a строительные материалы 
610 1 |a металлические конструкции 
610 1 |a высокопрочный бетон 
610 1 |a бетонные смеси 
610 1 |a поверхностно-активные вещества 
610 1 |a вода 
610 1 |a гипсосодержащие смеси 
610 1 |a железобетонные колонны 
610 1 |a арматура 
675 |a 624.01  |v 3 
702 1 |a Алферов  |b Г. Д.  |4 340 
712 0 2 |a Проектный, научно-исследовательский и конструкторский институт "Красноярский ПромстройНИИпроект"  |2 stltpush  |3 (RuTPU)RU\TPU\col\8109 
801 0 |a RU  |b RuMRKP  |c 19950704  |g psbo 
801 1 |a RU  |b 63413507  |c 20150210 
801 2 |a RU  |b 63413507  |c 20170831  |g RCR 
942 |c BK